000 00815nam a22001937a 4500
005 20251108165157.0
008 250721s1997 xx 000 0 ara d
082 1 4 _a575.1/شفر
100 1 _aكيفلس، دانييل
_eمحرر
245 1 0 _aالشفرة الوراثية للإنسان :
_bالقضايا العلمية و الإجتماعية لمشروع الجينوم البشري /
264 1 _aالكويت :
_bالمجلس الوطني للثقافة و الفنون و الآداب،
_c1997.
300 _a462ص
490 0 _aعالم المعرفة : سلسلة كتب ثقافية شهرية يصدرها المجلس ... ؛ 217
650 1 7 _aالوراثة
700 1 _aهود، ليروى
_eتحرير
700 1 _aمستجير، أحمد
_eترجمة
942 _2ddc
_cBK
999 _c21363
_d21363